Advaita Vedanta And Akan: (Record no. 201921)

MARC details
000 -LEADER
fixed length control field 00602nam a22001937a 4500
005 - DATE AND TIME OF LATEST TRANSACTION
control field 20240403125414.0
010 ## - LCCN (DPL NO)
LC control number ENG-140033
020 ## - INTERNATIONAL STANDARD BOOK NUMBER
Terms of availability 650.00
International Standard Book Number 9789382396215
035 ## - SYSTEM CONTROL NUMBER
System control number EN-123565
037 ## - SOURCE OF ACQUISITION
Source of stock number/acquisition DBAD
082 ## - DEWEY DECIMAL CLASSIFICATION NUMBER
Classification number 181.482
100 ## - MAIN ENTRY--PERSONAL NAME
Personal name Sharma, Veena
245 ## - TITLE STATEMENT
Title Advaita Vedanta And Akan:
Remainder of title Inquiriy into an Indian and African Ethos/
Statement of responsibility, etc by Veena Sharma
260 ## - PUBLICATION, DISTRIBUTION, ETC. (IMPRINT)
Place of publication, distribution, etc Shimla
Name of publisher, distributor, etc The Secretary
Date of publication, distribution, etc 2015
270 ## - ADDRESS
City Shimla
Address Indian Institute Of Advanced Study Rashtrapati Nivas
Postal code 171005
300 ## - PHYSICAL DESCRIPTION
Extent 229p.
Dimensions 25(pb)
700 ## - ADDED ENTRY--PERSONAL NAME
9 (RLIN) 64260
942 ## - ADDED ENTRY ELEMENTS (KOHA)
Source of classification or shelving scheme Dewey Decimal Classification
Item type English Books
Classification part 181.482
Call number suffix SHA
Holdings
Withdrawn status Lost status Not for loan Collection code Home library Current library Date acquired Source of acquisition Cost, normal purchase price Full call number Barcode Copy number Cost, replacement price Koha item type
      Non-fiction Bawana Bawana 03/04/2024 DBAD 650.00 181.482 SHA EN-123565 1 650.00 English Books

© Delhi Public Library
Hit Counter
free hit counter